Unique 2 Letter Combo Countries Quiz Stats

 Plays Quiz Updated Jan 31, 2017

Challenge
Share
Tweet
Embed
Score 0/88 Timer 18:00
8 Plays Today
Combo Country % Correct
CZCzechia
82.6%
DJDjibouti
77.5%
QAQatar
75.4%
AQIraq
69.6%
BHBhutan
66%
SPSpain
64.2%
CCMorocco
63.5%
YEYemen
62.9%
CYCyprus
61.6%
EXMexico
59.7%
KHKazakhstan
58.9%
MYMyanmar
57.6%
UZUzbekistan
56.9%
PHPhilippines
56.6%
PPPhilippines
56.6%
SYSyria
56.5%
EQEquatorial Guinea
55.5%
JOJordan
54.9%
EEGreece
54.6%
UXLuxembourg
54.5%
BWZimbabwe
54.2%
XIMexico
54%
KYKyrgyzstan
52.4%
FGAfghanistan
49.4%
YZKyrgyzstan
48.5%
KUKuwait
47.7%
TVLatvia
47%
OOCameroon
45.6%
UKUkraine
45.1%
AJTajikistan
43.6%
Combo Country % Correct
XELuxembourg
43.3%
LYItaly
42.4%
AWMalawi
42.4%
NZTanzania
41.1%
IQMozambique
39.8%
UVTuvalu
39.8%
HRBahrain
39.5%
BYLibya
39.5%
LTMalta
39.5%
LBAlbania
38.6%
UYGuyana
38.2%
PTEgypt
37.6%
ZBUzbekistan
36.9%
ZSKyrgyzstan
36.2%
AEIsrael
35.7%
OZMozambique
35.7%
KMTurkmenistan
35.3%
IZBelize
34.2%
RYHungary
31.2%
KRUkraine
30.8%
EZVenezuela
30%
IKTajikistan
30%
TZSwitzerland
29.8%
OGTogo
29%
NLFinland
29%
EKUzbekistan
28.2%
YCSeychelles
28.1%
RZBosnia and Herzegovina
27.4%
SNBosnia and Herzegovina
27.2%
ZUVenezuela
27.1%
Combo Country % Correct
UWKuwait
26.7%
ULBulgaria
26.4%
FABurkina Faso
25.4%
EBLebanon
24.1%
GLBangladesh
23.6%
HTLiechtenstein
23%
NKSri Lanka
21.9%
GDUnited Kingdom
21.6%
UMBelgium
20%
NUVanuatu
19.7%
IWTaiwan
19.5%
TNVietnam
19.5%
HSKazakhstan
19.3%
YSMalaysia
19%
TYVatican City
18.1%
EVSaint Kitts and Nevis
17.1%
DUHonduras
16.3%
SCMadagascar
16.2%
OICôte d'Ivoire
15.5%
LVEl Salvador
14.5%
IOEthiopia
14.4%
OPEthiopia
13.3%
OBTrinidad and Tobago
13%
UCSaint Lucia
12.4%
ODCambodia
11.9%
RSMarshall Islands
11.4%
NSLiechtenstein
11.2%
IDTrinidad and Tobago
10.6%

You're not logged in!

Compare scores with friends on all Sporcle quizzes.
Join for Free
OR
Log In

You Might Also Like...

Show Comments

Extras

Top Quizzes Today


Score Distribution

Your Account Isn't Verified!

In order to create a playlist on Sporcle, you need to verify the email address you used during registration. Go to your Sporcle Settings to finish the process.

Report this User

Report this user for behavior that violates our Community Guidelines.

Details: